000 00377nam a2200145Ia 4500
008 150201s2005 xx 000 0 und d
082 _a6,107,367
_bS05N
100 _aNATHAN, PRAKASH
245 _aSURGICAL & MEDICAL PROCEDURES FOR NURSES AND PARA MEDICAL STAFF
250 _a1ST
260 _bJAYPEE
_aDELHI
_c2005
300 _a175
650 _aSURGERY
942 _2ddc
_cBK
_06
999 _c2424
_d2424